000 00390cam a2200157ua 4500
041 _aeng
_h
082 _a823.308
_bDUM/MA
100 _aDumas, Alexandre .
245 _aMarguerite De Valois /
_cAlexandre Dumas.
_hTextual Documents
250 _a1 /
_b.
260 _aLondon :
_bJ M Dent and Sons Ltd ,
_c1951.
300 _a477 ; .
504 _a
942 _cBK
999 _c6984
_d6984